LEADER 00777nam0-22002771i-450- 001 990000649410403321 005 20001010 035 $a000064941 035 $aFED01000064941 035 $a(Aleph)000064941FED01 035 $a000064941 100 $a20001010d--------km-y0itay50------ba 101 0 $aita 105 $ay-------001yy 200 1 $aInquiry by design$etools for environment behavior research$fJohn Zeisel. - 210 $aCambridge$cCambridge university press$d1986. 215 $aXIX, 250 p.$cill.$d23 cm 700 1$aZeisel,$bJohn$032807 801 0$aIT$bUNINA$gRICA$2UNIMARC 901 $aBK 912 $a990000649410403321 952 $a01 A2 II 14$b00531$fDINST 959 $aDINST 996 $aInquiry by design$9229254 997 $aUNINA DB $aING01 LEADER 01878oam 2200481M 450 001 9910715540203321 005 20191121064234.9 035 $a(CKB)5470000002512654 035 $a(OCoLC)1065584566 035 $a(OCoLC)995470000002512654 035 $a(EXLCZ)995470000002512654 100 $a20070221d1834 ua 0 101 0 $aeng 135 $aurcn||||||||| 181 $ctxt$2rdacontent 182 $cc$2rdamedia 183 $acr$2rdacarrier 200 10$aAlabama. Petition of sundry inhabitants of Dallas County, Alabama, praying for the restoration of the deposites, and the establishment of a Bank of the United States. April 28, 1834. Read, and laid upon the table 210 1$a[Washington, D.C.] :$c[publisher not identified],$d1834. 215 $a1 online resource (2 pages) 225 1 $aHouse document / 23rd Congress, 1st session. House ;$vno. 361 225 1 $a[United States congressional serial set] ;$v[serial no. 258] 300 $aBatch processed record: Metadata reviewed, not verified. Some fields updated by batch processes. 300 $aFDLP item number not assigned. 606 $aCharters 606 $aBanks and banking 606 $aBank deposits 606 $aNational banks (United States) 606 $aFinance, Public 608 $aLegislative materials.$2lcgft 615 0$aCharters. 615 0$aBanks and banking. 615 0$aBank deposits. 615 0$aNational banks (United States) 615 0$aFinance, Public. 801 0$bWYU 801 1$bWYU 801 2$bOCLCO 801 2$bOCLCQ 906 $aBOOK 912 $a9910715540203321 996 $aAlabama. Petition of sundry inhabitants of Dallas County, Alabama, praying for the restoration of the deposites, and the establishment of a Bank of the United States. April 28, 1834. Read, and laid upon the table$93354459 997 $aUNINA